[Event "Live Chess"]
[Site "Chess.com"]
[Date "2020.06.05"]
[White "Hubert, Rene"]
[Black "Marchal, Georges"]
[Result "0-1"]
[WhiteElo "1194"]
[BlackElo "1214"]
[Round "1"]
[WhiteCountry "bel"]
[BlackCountry "bel"]

{ Cadence : 600+5 } 1. d4 Nf6 2. c4 g6 3. Nc3 Bg7 4. e4 d6 5. Nf3 O-O 6. Be2 
c5 7. d5 Bg4 8. h3 Bxf3 9. Bxf3 Nbd7 10. Bf4 Qa5 11. O-O Qb4 12. Qb3 Qxb3 13. 
axb3 a6 14. Rfe1 Rfe8 15. e5 dxe5 16. Bxe5 Nxe5 17. Rxe5 Nd7 18. Re2 Ne5 19. 
Be4 Rab8 20. f4 Nd7 21. Rae1 Kf8 22. Bf3 Bd4+ 23. Kh1 b5 24. cxb5 axb5 25. 
d6 exd6 26. Rxe8+ Rxe8 27. Rxe8+ Kxe8 28. Bc6 Bxc3 29. bxc3 b4 30. c4 Ke7 31. 
g4 f6 32. Kg2 Nf8 33. Kf3 Ne6 34. Ke4 g5 35. fxg5 Nxg5+ 36. Kf5 Nxh3 37. Bb5 
Nf2 38. g5 fxg5 39. Kxg5 Ke6 40. Kh6 Ke5 41. Kxh7 d5 42. cxd5 Kxd5 43. Bc4+ 
Kd4 44. Kg6 Ne4 45. Kf5 Nd6+ 46. Kf4 Nxc4 47. bxc4 Kxc4 0-1

[Event "Live Chess"]
[Site "Chess.com"]
[Date "2020.06.05"]
[White "Marchal, Georges"]
[Black "Hubert, Rene"]
[Result "0-1"]
[WhiteElo "1199"]
[BlackElo "1208"]
[Round "2"]
[WhiteCountry "bel"]
[BlackCountry "bel"]

{ Cadence : 600+5 } 1. d4 Nf6 2. c4 g6 3. Nc3 Bg7 4. e4 d6 5. Nf3 O-O 6. Be2 
c5 7. O-O cxd4 8. Nxd4 e5 9. Ndb5 Ne8 10. Nd5 a6 11. Nbc3 Nc6 12. Be3 Nd4 13. 
Bf3 Nxf3+ 14. Qxf3 Be6 15. b3 Nf6 16. Rad1 Bg4 17. Bb6 Bxf3 18. Bxd8 Bxd1 19. 
Bxf6 Bxf6 20. Nxf6+ Kg7 21. Nd7 Rfd8 22. Rxd1 Rxd7 23. Nd5 Rad8 24. Kf1 b5 
25. Nb6 Rb7 26. c5 Rc7 27. Rxd6 Re8 28. b4 Re6 29. Rxe6 fxe6 30. Ke2 Rc6 31. 
Ke3 Kf7 32. Nd7 Rc7 33. Nxe5+ Kf6 34. f4 a5 35. a3 axb4 36. axb4 Ke7 37. Kd4 
Kd8 38. h4 Ke7 39. g4 Kf6 40. g5+ Ke7 41. c6 Kd6 42. Ng4 Rxc6 43. e5+ Ke7 44. 
Nf6 Rc4+ 45. Ke3 Rxb4 46. Nxh7 Rb3+ 47. Kf2 Rb1 48. Nf6 b4 49. Ne4 b3 50. Nc3 
Rc1 51. Ne2 Rc2 0-1

[Event "Live Chess"]
[Site "Chess.com"]
[Date "2020.06.05"]
[White "Dans, Guy"]
[Black "Sauvage, Eric"]
[Result "0-1"]
[WhiteElo "922"]
[BlackElo "1544"]
[Round "1"]
[WhiteCountry "bel"]
[BlackCountry "bel"]

{ Cadence : 600+5 } 1. d4 Nf6 2. c4 g6 3. Nc3 Bg7 4. e4 d6 5. Nf3 O-O 6. Bd3 
Bg4 7. O-O Nc6 8. h3 Bxf3 9. Qxf3 Nxd4 10. Qd1 c5 11. Nd5 Nd7 12. f4 e6 13. 
Ne3 a6 14. a3 b5 15. b4 bxc4 16. Nxc4 Nb6 17. Ne3 Nf3+ 18. Qxf3 Bxa1 19. Bd2 
Bd4 20. Kh1 d5 21. f5 c4 22. Bc2 dxe4 23. Bxe4 Rc8 24. fxg6 fxg6 25. Qg4 Qe7 
26. Rxf8+ Rxf8 27. Bxg6 hxg6 28. Qxg6+ Bg7 29. Ng4 Rf1+ 30. Kh2 Qd6+ 31. g3 
Qxd2+ 0-1

[Event "Live Chess"]
[Site "Chess.com"]
[Date "2020.06.05"]
[White "Sauvage, Eric"]
[Black "Dans, Guy"]
[Result "1-0"]
[WhiteElo "1545"]
[BlackElo "921"]
[Round "2"]
[WhiteCountry "bel"]
[BlackCountry "bel"]

{ Cadence : 600+5 } 1. d4 Nf6 2. c4 g6 3. Nc3 Bg7 4. e4 d6 5. Bd3 Nc6 6. Nge2 
e5 7. d5 Nb4 8. f3 Nxd3+ 9. Qxd3 O-O 10. O-O c6 11. dxc6 bxc6 12. Be3 c5 13. 
Rfd1 Ba6 14. b3 Qb6 15. Qxd6 Qxd6 16. Rxd6 Rfd8 17. Rxa6 Rd3 18. Bxc5 Rad8 
19. Nd5 Nh5 20. Kf2 Bh6 21. Rxa7 f5 22. exf5 gxf5 23. Ne7+ Kh8 24. Nxf5 Nf4 
25. Nxh6 Nxe2 26. Nf7+ Kg8 27. Nxd8 Rxd8 28. Kxe2 1-0

[Event "Live Chess"]
[Site "Chess.com"]
[Date "2020.06.07"]
[White "Pitz, Luc"]
[Black "Nadin, Corinne"]
[Result "0-1"]
[WhiteElo "1199"]
[BlackElo "1267"]
[Round "1"]
[WhiteCountry "bel"]
[BlackCountry "bel"]

{ Cadence : 600+5 } 1. d4 Nf6 2. c4 g6 3. Nc3 Bg7 4. e4 d6 5. Bd3 O-O 6. Nf3 
Bg4 7. O-O Nbd7 8. Bf4 Re8 9. h3 Bxf3 10. Qxf3 e5 11. dxe5 Nxe5 12. Bxe5 Rxe5 
13. Rfe1 c5 14. Rad1 Qb6 15. b3 Qa5 16. Bb1 Re7 17. Nb5 d5 18. e5 Nd7 19. Qxd5 
Rxe5 20. Rxe5 Nxe5 21. Qxb7 Rd8 22. Nd6 Rd7 23. Qc8+ Rd8 24. Qc7 Qxc7 0-1

[Event "Live Chess"]
[Site "Chess.com"]
[Date "2020.06.07"]
[White "Nadin, Corinne"]
[Black "Pitz, Luc"]
[Result "1-0"]
[WhiteElo "1280"]
[BlackElo "1188"]
[Round "2"]
[WhiteCountry "bel"]
[BlackCountry "bel"]

{ Cadence : 600+5 } 1. d4 Nf6 2. c4 g6 3. Nc3 Bg7 4. Nf3 d6 5. b3 O-O 6. Bb2 
Bg4 7. e3 e5 8. dxe5 dxe5 9. Be2 Qxd1+ 10. Rxd1 e4 11. Nd4 Bxe2 12. Ncxe2 Ng4 
13. h3 Ne5 14. O-O Nd3 15. Bc3 Nd7 16. Nc1 Nxc1 17. Rxc1 Rad8 18. Nb5 Bxc3 
19. Rxc3 Nc5 20. Nxc7 Rd2 21. a4 Nd3 22. Nd5 f5 23. Nf4 Nxf4 24. exf4 Rfd8 
25. Re1 R8d3 26. Rxd3 Rxd3 27. b4 Kf7 28. Re3 Ke6 29. Rxd3 exd3 30. Kf1 h6 
31. Ke1 g5 32. fxg5 hxg5 33. Kd2 Ke5 34. Kxd3 b6 35. g3 a6 36. f3 a5 37. bxa5 
bxa5 38. h4 1-0

[Event "Live Chess"]
[Site "Chess.com"]
[Date "2020.06.08"]
[White "Sauvage, Eric"]
[Black "Hubert, Rene"]
[Result "1-0"]
[WhiteElo "1550"]
[BlackElo "1204"]
[Round "3"]
[WhiteCountry "bel"]
[BlackCountry "bel"]

{ Cadence : 600+5 } 1. e4 e5 2. Nf3 Nf6 3. Nxe5 d6 4. Nxf7 Kxf7 5. d4 c5 6. 
dxc5 Nc6 7. Bc4+ Be6 8. Bxe6+ Kxe6 9. O-O dxc5 10. Qe2 Qd4 11. Nc3 Bd6 12. 
Be3 Qe5 13. f4 Qh5 14. Qc4+ Kd7 15. h3 Rhe8 16. Rad1 Kc7 17. e5 Bf8 18. Bxc5 
Bxc5+ 19. Qxc5 Red8 20. Rd6 Nd7 21. Nd5+ Kb8 22. Qe3 Qe8 23. Rd1 Ndxe5 24. 
Rxd8+ Nxd8 25. fxe5 Qc6 26. Qg3 Qc5+ 27. Kh1 g6 28. c3 a6 29. b4 Qf8 30. e6+ 
Ka7 31. Qe3+ Kb8 32. e7 Qe8 33. Nf6 1-0

[Event "Live Chess"]
[Site "Chess.com"]
[Date "2020.06.08"]
[White "Hubert, Rene"]
[Black "Sauvage, Eric"]
[Result "1/2-1/2"]
[WhiteElo "1214"]
[BlackElo "1535"]
[Round "4"]
[WhiteCountry "bel"]
[BlackCountry "bel"]

{ Cadence : 600+5 } 1. e4 e5 2. Nf3 Nf6 3. Nxe5 d6 4. Nf3 Nxe4 5. Be2 Be7 6. 
O-O O-O 7. d3 Nf6 8. Nc3 Nc6 9. Re1 d5 10. d4 Bf5 11. Bd3 Bxd3 12. Qxd3 h6 
13. h3 Bb4 14. Bd2 Bxc3 15. Bxc3 Ne4 16. Rab1 Qd7 17. Ne5 Nxe5 18. dxe5 Rae8 
19. Rxe4 c5 20. Ree1 d4 21. Bd2 Re6 22. f4 b5 23. b3 Rc6 24. c4 b4 25. Re4 
Ra6 26. Rb2 Qc6 27. f5 Re8 28. Qe2 Qd7 29. f6 Qf5 30. fxg7 Rg6 31. Rf4 Qxe5 
32. Qxe5 Rxe5 33. Rg4 Rxg4 34. hxg4 Kxg7 35. Bf4 Re4 36. Bd6 Rxg4 37. Bxc5 
a5 38. Bxd4+ Kg6 39. Bf2 f5 40. Rc2 f4 41. c5 f3 42. g3 Re4 43. Kh2 Kf5 44. 
c6 Re8 45. c7 Rc8 46. Rc5+ Ke4 47. Rc6 Kd3 48. Rf6 Rxc7 49. Rxf3+ Ke2 50. Rf6 
Rc2 51. Kg2 Rxa2 52. Rf3 a4 53. bxa4 Rxa4 54. Rb3 h5 55. Bc5 Ra5 56. Bxb4 Rb5 
57. Rb2+ Kd3 58. Ba3 Ra5 59. Be7 1/2-1/2

[Event "Live Chess"]
[Site "Chess.com"]
[Date "2020.06.08"]
[White "Nadin, Corinne"]
[Black "Marchal, Georges"]
[Result "0-1"]
[WhiteElo "1230"]
[BlackElo "1180"]
[Round "3"]
[WhiteCountry "bel"]
[BlackCountry "bel"]

{ Cadence : 600 } 1. e4 e5 2. Nf3 Nf6 3. d4 Nxe4 4. dxe5 d5 5. Bd3 Be7 6. Bxe4 
dxe4 7. Nd4 Qd5 8. Nc3 Qxe5 9. Be3 O-O 10. O-O Bd6 11. g3 Bc5 12. Re1 Nd7 13. 
Nb3 Bxe3 14. Rxe3 f5 15. f3 Nb6 16. fxe4 f4 17. Rf3 Bg4 18. gxf4 Qh5 19. Nd2 
Rxf4 20. Rxf4 Bxd1 21. Rxd1 Qg5+ 0-1

[Event "Live Chess"]
[Site "Chess.com"]
[Date "2020.06.08"]
[White "Marchal, Georges"]
[Black "Nadin, Corinne"]
[Result "0-1"]
[WhiteElo "1173"]
[BlackElo "1237"]
[Round "4"]
[WhiteCountry "bel"]
[BlackCountry "bel"]

{ Cadence : 600 } 1. e4 e5 2. Nf3 Nf6 3. Nxe5 Bd6 4. Nxf7 Kxf7 5. Bc4+ Ke8 
6. Qe2 Qe7 7. Nc3 Nc6 8. O-O Be5 9. d3 Bxc3 10. bxc3 d5 11. Bb3 dxe4 12. Bg5 
exd3 13. Qxe7+ Nxe7 14. Bxf6 gxf6 15. cxd3 Bf5 16. d4 Kd7 17. Rfe1 Rae8 18. 
Re3 Kc8 19. Be6+ Bxe6 20. Rxe6 f5 21. Rae1 Kd7 22. R1e3 Nd5 23. Rxe8 Rxe8 24. 
c4 Nxe3 0-1

[Event "Live Chess"]
[Site "Chess.com"]
[Date "2020.06.09"]
[White "Dans, Guy"]
[Black "Pitz, Luc"]
[Result "0-1"]
[WhiteElo "906"]
[BlackElo "1198"]
[Round "4"]
[WhiteCountry "bel"]
[BlackCountry "bel"]

{ Cadence : 600+5 } 1. e4 e5 2. Nf3 Nf6 3. Nc3 d6 4. Bc4 Bg4 5. O-O Bxf3 6. 
Qxf3 Be7 7. d3 Nbd7 8. Bg5 O-O 9. Rad1 Nb6 10. Bb3 a5 11. a3 a4 12. Ba2 Nfd7 
13. Bxe7 Qxe7 14. d4 exd4 15. Rxd4 Ra5 16. Rfd1 Ne5 17. Qf4 Ng6 18. Qe3 Rg5 
19. f4 Ra5 20. f5 Ne5 21. Nd5 Nxd5 22. Bxd5 Rc5 23. c3 b5 24. b4 axb3 25. Rb1 
b2 26. Qd2 Nc4 27. Bxc4 Rxc4 28. Rxb2 c5 29. Rxc4 bxc4 30. Qd5 Re8 31. Rb7 
Qf6 32. Qd2 Qe5 33. Qe3 h6 34. a4 Ra8 35. Rc7 Rxa4 36. Rc8+ Kh7 37. Qf3 Ra3 
38. g4 Rxc3 39. Qe2 Qd4+ 40. Kg2 Re3 41. Qf2 Qxe4+ 42. Kg1 Re1+ 0-1

[Event "Live Chess"]
[Site "Chess.com"]
[Date "2020.06.09"]
[White "Pitz, Luc"]
[Black "Dans, Guy"]
[Result "1-0"]
[WhiteElo "1193"]
[BlackElo "913"]
[Round "3"]
[WhiteCountry "bel"]
[BlackCountry "bel"]

{ Cadence : 600+5 } 1. e4 e5 2. Nf3 Nf6 3. Nxe5 d6 4. Nxf7 Kxf7 5. d4 Nxe4 
6. Qh5+ g6 7. Qd5+ Be6 8. Qxe4 Nc6 9. Bb5 Qf6 10. O-O d5 11. Qf4 Nxd4 12. Qxf6+ 
Kxf6 13. Bd3 c5 14. b3 Rc8 15. Bb2 Bf5 16. Bxf5 gxf5 17. Nd2 Kg6 18. Bxd4 cxd4 
19. Rac1 Bb4 20. Nf3 d3 21. cxd3 Rxc1 22. Rxc1 Kf6 23. Rc7 h6 24. Rxb7 Bc5 
25. g3 Bb6 26. Kf1 Rc8 27. Rh7 Kg6 28. Rd7 Rc3 29. Ne5+ Kf6 30. f4 Rc1+ 31. 
Kg2 Rc2+ 32. Kh3 Rxa2 33. Rxd5 Bg1 34. Nf3 Be3 35. Rd6+ Kg7 36. Nh4 Rb2 37. 
Nxf5+ Kf8 38. Nxe3 Rxb3 39. Kh4 Ke7 40. Rd4 Rb6 41. Kh5 1-0

[Event "Live Chess"]
[Site "Chess.com"]
[Date "2020.06.10"]
[White "Nadin, Corinne"]
[Black "Dans, Guy"]
[Result "1-0"]
[WhiteElo "1272"]
[BlackElo "917"]
[Round "6"]
[WhiteCountry "bel"]
[BlackCountry "bel"]

{ Cadence : 600+5 } 1. e4 e5 2. f4 exf4 3. Nc3 d6 4. d4 Nf6 5. Bxf4 Be7 6. 
Bc4 O-O 7. Nf3 Nbd7 8. O-O Nb6 9. Bd3 Bg4 10. h3 Bh5 11. e5 dxe5 12. dxe5 Nfd5 
13. Nxd5 Nxd5 14. Bd2 Bc5+ 15. Kh1 Re8 16. c4 Ne7 17. Bxh7+ Kxh7 18. Ng5+ Kg8 
19. Qxh5 Ng6 20. Qh7+ Kf8 21. Rxf7# 1-0

[Event "Live Chess"]
[Site "Chess.com"]
[Date "2020.06.10"]
[White "Dans, Guy"]
[Black "Nadin, Corinne"]
[Result "1/2-1/2"]
[WhiteElo "922"]
[BlackElo "1268"]
[Round "5"]
[WhiteCountry "bel"]
[BlackCountry "bel"]

{ Cadence : 600+5 } 1. e4 e5 2. f4 exf4 3. Nf3 Nc6 4. d4 Bb4+ 5. c3 Ba5 6. 
Bd3 d6 7. O-O g5 8. d5 Ne5 9. Nxe5 dxe5 10. b4 Bb6+ 11. Kh1 Nf6 12. Nd2 Bg4 
13. Nf3 Rg8 14. a4 c5 15. bxc5 Bxc5 16. Ba3 Bxa3 17. Rxa3 Qd6 18. Qb3 Qc7 19. 
Bb5+ Kd8 20. Qb4 a6 21. Be2 h5 22. h3 Bxf3 23. Bxf3 g4 24. hxg4 hxg4 25. Bd1 
Nh5 26. Rb3 Ng3+ 27. Kg1 Nxf1 28. Kxf1 f6 29. Qxb7 Qxb7 30. Rxb7 Rc8 31. Rf7 
Rxc3 32. Rxf6 a5 33. d6 Rd3 34. Be2 Rd4 35. Rf7 Rxe4 36. d7 Rxa4 37. Bb5 Rd4 
38. Rf6 a4 39. Re6 Rxd7 40. Bxd7 Kxd7 41. Rxe5 Ra8 42. Re2 Kd6 43. Ra2 Kd5 
44. Ke2 Ke4 45. Ra3 Kd4 46. Kd2 Kc4 47. Kc2 Kb4 48. Kb2 Rf8 49. Rd3 Rc8 50. 
Rd4+ Rc4 51. Rd3 Re4 52. Ka2 Re2+ 53. Kb1 a3 54. Rd4+ Kb3 55. Rd3+ Kb4 56. 
Rd4+ Kc3 57. Rxf4 a2+ 58. Ka1 Rxg2 59. Rf1 Kd3 60. Rd1+ Rd2 61. Rg1 Kc3 62. 
Rg2 Rxg2 1/2-1/2

[Event "Live Chess"]
[Site "Chess.com"]
[Date "2020.06.10"]
[White "Hubert, Rene"]
[Black "Pitz, Luc"]
[Result "1-0"]
[WhiteElo "1226"]
[BlackElo "1185"]
[Round "5"]
[WhiteCountry "bel"]
[BlackCountry "bel"]

{ Cadence : 600+5 } 1. e4 e5 2. f4 exf4 3. Nf3 Be7 4. d4 Bh4+ 5. Ke2 d6 6. 
Bxf4 Bg4 7. g3 Bxf3+ 8. Kxf3 Bf6 9. Nc3 c6 10. Kg2 Qd7 11. Be2 g5 12. Bg4 Qe7 
13. Bc1 Nd7 14. Re1 Nh6 15. Bf5 O-O-O 16. Bxd7+ Qxd7 17. e5 dxe5 18. dxe5 Qxd1 
19. Rxd1 Rxd1 20. Nxd1 Bxe5 21. Be3 b6 22. c3 g4 23. Nf2 Nf5 24. Nxg4 Nxe3+ 
25. Nxe3 Rd8 26. Rd1 Rxd1 27. Nxd1 Kd7 28. b3 Ke6 29. c4 Kf5 30. Ne3+ Ke4 31. 
Ng4 Kd4 32. Kf3 f6 33. h4 a5 34. h5 Kc3 35. Ke4 Kb2 36. Kf5 Kxa2 37. Nxf6 Bxf6 
38. Kxf6 Kxb3 39. Kg7 a4 40. Kxh7 a3 41. Kg6 a2 42. h6 a1=Q 43. h7 Qh8 44. 
Kh6 Kxc4 45. g4 b5 46. g5 b4 47. g6 b3 48. g7 b2 49. gxh8=Q b1=Q 50. Qg8+ Kb5 
51. Qb8+ 1-0

[Event "Live Chess"]
[Site "Chess.com"]
[Date "2020.06.10"]
[White "Marchal, Georges"]
[Black "Sauvage, Eric"]
[Result "0-1"]
[WhiteElo "1195"]
[BlackElo "1540"]
[Round "5"]
[WhiteCountry "bel"]
[BlackCountry "bel"]

{ Cadence : 600+5 } 1. e4 e5 2. f4 exf4 3. Nf3 h6 4. d4 g5 5. Bd2 Bg7 6. Bc4 
Nc6 7. c3 Nf6 8. Qb3 O-O 9. O-O Na5 10. Qa4 Nxc4 11. Qxc4 Nxe4 12. Re1 d5 13. 
Qd3 Bf5 14. Qe2 Qd7 15. Na3 Rae8 16. c4 dxc4 17. Nxc4 Bxd4+ 18. Kh1 Nf2+ 0-1

[Event "Live Chess"]
[Site "Chess.com"]
[Date "2020.06.11"]
[White "Pitz, Luc"]
[Black "Marchal, Georges"]
[Result "0-1"]
[WhiteElo "1199"]
[BlackElo "1206"]
[Round "7"]
[WhiteCountry "bel"]
[BlackCountry "bel"]

{ Cadence : 600+5 } 1. e4 d5 2. exd5 Nf6 3. Nc3 Nxd5 4. Nxd5 Qxd5 5. Nf3 e5 
6. d3 Nc6 7. Be2 Be7 8. O-O O-O 9. Bd2 Be6 10. Re1 f6 11. a3 Rad8 12. Rb1 a5 
13. c4 Qd7 14. Qa4 Nd4 15. Qxd7 Nxe2+ 16. Rxe2 Rxd7 17. Ne1 a4 18. Rc1 Bf5 
19. Re3 Rfd8 20. Rc3 e4 21. h3 Bc5 22. Rg3 Bd6 23. f4 exf3 24. Rxf3 Bc5+ 25. 
Kh1 Bg6 26. b4 Bd4 27. Rc2 Re7 28. Rc1 Re2 29. Bf4 Bb2 30. Rd1 Bxa3 31. Bxc7 
Rde8 32. Rf1 Bxb4 33. Bg3 a3 34. Ra1 R8e3 35. Kh2 Bc3 36. Rxa3 Bxe1 37. Ra8+ 
Kf7 38. Rb8 Bxg3+ 39. Kh1 Re7 40. d4 Be4 41. d5 Bxg2+ 42. Kg1 Bh2+ 43. Kxh2 
Bxf1+ 44. Kg1 Re1 45. Kf2 Bxc4 46. Kf3 Bxd5+ 47. Kf4 Bc6 48. Kf5 Rf1+ 49. Kg4 
Re2 0-1

[Event "Live Chess"]
[Site "Chess.com"]
[Date "2020.06.12"]
[White "Dans, Guy"]
[Black "Hubert, Rene"]
[Result "0-1"]
[WhiteElo "910"]
[BlackElo "1204"]
[Round "7"]
[WhiteCountry "bel"]
[BlackCountry "bel"]

{ Cadence : 600+5 } 1. e4 d5 2. exd5 Nf6 3. Nc3 Nxd5 4. Nxd5 Qxd5 5. d4 e6 
6. Nf3 Be7 7. Bf4 Qe4+ 8. Be3 Bf6 9. Bd3 Qd5 10. c4 Qd8 11. O-O c6 12. b4 O-O 
13. Rb1 b6 14. Re1 Bb7 15. Qc2 g6 16. Bd2 Nd7 17. Ne5 Nxe5 18. dxe5 Bg7 19. 
c5 b5 20. a4 a6 21. a5 Qd7 22. Re3 Rad8 23. Rh3 Bxe5 24. Re1 Bg7 25. Bh6 Qd4 
26. Bxg7 Qxg7 27. Be4 Rd4 28. Bd3 Rxb4 29. Bf1 Qf6 30. Rd1 Rb2 31. Rf3 Qxf3 
32. gxf3 Rxc2 33. Rd7 Ba8 34. Ra7 Rxc5 35. Rxa6 b4 36. Rb6 Rxa5 37. Rxb4 c5 
38. Rc4 Bxf3 39. h3 Rc8 40. Kh2 Ra2 41. Kg3 Be2 42. Bg2 Bxc4 0-1

[Event "Live Chess"]
[Site "Chess.com"]
[Date "2020.06.12"]
[White "Hubert, Rene"]
[Black "Dans, Guy"]
[Result "1-0"]
[WhiteElo "1208"]
[BlackElo "904"]
[Round "8"]
[WhiteCountry "bel"]
[BlackCountry "bel"]

{ Cadence : 600+5 } 1. e4 d5 2. exd5 Qxd5 3. d4 Nc6 4. Nf3 Nf6 5. c4 Qh5 6. 
Be2 Bg4 7. d5 Ne5 8. Nxe5 Bxe2 9. Qxe2 Qf5 10. O-O e6 11. dxe6 Qxe6 12. Re1 
Be7 13. Nc3 c6 14. Nf3 Qd7 15. Bg5 h6 16. Rad1 Qc7 17. Bf4 1-0

[Event "Live Chess"]
[Site "Chess.com"]
[Date "2020.06.13"]
[White "Sauvage, Eric"]
[Black "Nadin, Corinne"]
[Result "1-0"]
[WhiteElo "1564"]
[BlackElo "1257"]
[Round "8"]
[WhiteCountry "bel"]
[BlackCountry "bel"]

{ Cadence : 600+5 } 1. e4 d5 2. exd5 Nf6 3. d4 Nxd5 4. c4 Nb6 5. Bd3 Bd7 6. 
Nf3 e6 7. O-O Be7 8. Nc3 O-O 9. Bf4 c5 10. Rc1 cxd4 11. Nxd4 Bf6 12. Ndb5 Bxb5 
13. Nxb5 N8d7 14. Bd6 Be7 15. Be4 Nc5 16. Bxc5 Bxc5 17. Bxb7 Rb8 18. Bf3 a6 
19. Qxd8 Rfxd8 20. Nc7 a5 21. Na6 Rbc8 22. Nxc5 Rxc5 23. b3 a4 24. Rcd1 Rdc8 
25. Rd6 Rb8 26. Rfd1 g6 27. Rd8+ Rxd8 28. Rxd8+ Kg7 29. g3 axb3 30. axb3 Ra5 
31. Kg2 Ra3 32. c5 Nd5 33. Bxd5 exd5 34. Rb8 Kf6 35. Kf3 Ke5 36. Ke3 d4+ 37. 
Kd3 f5 38. Kc4 Ra2 39. Re8+ Kf6 40. Kxd4 Rxf2 41. c6 Rd2+ 42. Kc5 Rxh2 43. 
c7 Rc2+ 44. Kd6 Rd2+ 45. Kc6 Rc2+ 46. Kb7 Kf7 47. Rh8 h5 48. c8=Q Rxc8 49. 
Rxc8 Ke6 50. Kc6 1-0

[Event "Live Chess"]
[Site "Chess.com"]
[Date "2020.06.13"]
[White "Nadin, Corinne"]
[Black "Sauvage, Eric"]
[Result "0-1"]
[WhiteElo "1262"]
[BlackElo "1558"]
[Round "7"]
[WhiteCountry "bel"]
[BlackCountry "bel"]

{ Cadence : 600+5 } 1. e4 d5 2. exd5 Nf6 3. Nc3 Nxd5 4. Nxd5 Qxd5 5. Nf3 e5 
6. b3 Bg4 7. h3 Bxf3 8. Qxf3 Qxf3 9. gxf3 g6 10. Bb2 Bg7 11. f4 f6 12. fxe5 
fxe5 13. Bc4 Nc6 14. O-O-O O-O-O 15. Rhe1 Rhf8 16. Re2 Rde8 17. Rde1 Rf3 18. 
d3 Rxh3 19. Bd5 Nb4 20. Bc4 Nxa2+ 21. Kb1 Nb4 22. Bxe5 Bxe5 23. Rxe5 Rxe5 24. 
Rxe5 Kd8 25. Be6 Rh2 26. Re4 Nc6 27. f4 Rf2 28. Bd5 Kd7 29. Bxc6+ Kxc6 30. 
Re7 Rxf4 31. Rxh7 a5 32. Rh6 Rg4 33. Kb2 b5 34. c3 b4 35. c4 Rg2+ 36. Kc1 Kc5 
37. Rh4 g5 38. d4+ Kd6 39. Rh6+ Kd7 40. Ra6 g4 41. Rxa5 g3 42. Rg5 Rg1+ 43. 
Kd2 g2 44. Ke2 Rb1 45. Rxg2 Rxb3 46. Rg7+ Kc6 47. Rg6+ Kb7 48. c5 c6 49. Kd2 
Rc3 50. Rg1 Ka6 51. Rb1 Kb5 52. Rc1 Rxc1 53. Kxc1 Kc4 54. Kb2 Kxd4 55. Kb3 
Kxc5 0-1

[Event "Live Chess"]
[Site "Chess.com"]
[Date "2020.06.15"]
[White "Nadin, Corinne"]
[Black "Hubert, Rene"]
[Result "1-0"]
[WhiteElo "1267"]
[BlackElo "1200"]
[Round "10"]
[WhiteCountry "bel"]
[BlackCountry "bel"]

{ Cadence : 600+5 } 1. e4 c6 2. d4 d5 3. exd5 cxd5 4. Nf3 Nf6 5. c4 e6 6. cxd5 
Qa5+ 7. Nc3 Nxd5 8. Bb5+ Bd7 9. Bxd7+ Nxd7 10. Bd2 Nxc3 11. bxc3 Be7 12. Qb3 
Qc7 13. O-O O-O 14. Rfe1 Nf6 15. Ne5 Bd6 16. Rab1 b6 17. g3 Rac8 18. Rbc1 Bxe5 
19. Rxe5 Nd5 20. Kg2 Qb7 21. f3 Rc7 22. c4 Ne7 23. d5 exd5 24. cxd5 Rxc1 25. 
Bxc1 Ng6 26. Re1 Rd8 27. Rd1 Rd7 28. Ba3 Qa6 29. Qe3 Qc8 30. Rc1 Qd8 31. Rd1 
Qc8 32. d6 Qc2+ 33. Qd2 Qxd2+ 34. Rxd2 Ne5 35. Rc2 g6 36. Rc7 Kf8 37. Rxd7 
Nxd7 38. f4 f5 39. Kf3 Ke8 40. g4 fxg4+ 41. Kxg4 Nf6+ 42. Kg5 Ne4+ 43. Kh6 
Nf6 44. Kg7 Nh5+ 45. Kxh7 Nxf4 46. Bc1 g5 47. Kh6 Ne6 48. Bxg5 Kd7 49. Be7 
Nd4 50. Kg6 a5 51. h4 Ne6 52. h5 Nf4+ 53. Kg5 Nxh5 54. Kxh5 b5 55. Kg5 b4 56. 
Kf5 a4 57. Ke4 b3 58. axb3 a3 59. Kd5 a2 60. Bf6 Kc8 61. Kc6 1-0

[Event "Live Chess"]
[Site "Chess.com"]
[Date "2020.06.15"]
[White "Hubert, Rene"]
[Black "Nadin, Corinne"]
[Result "1/2-1/2"]
[WhiteElo "1210"]
[BlackElo "1255"]
[Round "9"]
[WhiteCountry "bel"]
[BlackCountry "bel"]

{ Cadence : 600+5 } 1. e4 c6 2. d4 d5 3. e5 Bf5 4. g4 Bg6 5. h4 h6 6. h5 Bh7 
7. e6 fxe6 8. Bd3 Bxd3 9. Qxd3 Nf6 10. Qg6+ Kd7 11. Nf3 Qe8 12. Ne5+ Kd8 13. 
Nf7+ Kd7 14. Nxh8 Qxg6 15. Nxg6 Na6 16. c3 Nxg4 17. Bf4 Rc8 18. Rg1 Nf6 19. 
Rh1 c5 20. Ne5+ Ke8 21. Be3 cxd4 22. Bxd4 Nc5 23. Bxc5 Rxc5 24. b4 Rc8 25. 
Ke2 Ne4 26. Rc1 Nf6 27. Rh1 Ne4 28. Rc1 Nf6 29. Rh1 1/2-1/2

[Event "Live Chess"]
[Site "Chess.com"]
[Date "2020.06.15"]
[White "Sauvage, Eric"]
[Black "Pitz, Luc"]
[Result "1-0"]
[WhiteElo "1568"]
[BlackElo "1185"]
[Round "9"]
[WhiteCountry "bel"]
[BlackCountry "bel"]

{ Cadence : 600+5 } 1. e4 c6 2. d4 d5 3. f3 dxe4 4. fxe4 e6 5. Nf3 Be7 6. Bd3 
Nf6 7. O-O O-O 8. c4 Nfd7 9. Nc3 Qc7 10. e5 f6 11. exf6 Nxf6 12. Bg5 Nbd7 13. 
Qe2 b6 14. Qxe6+ 1-0

[Event "Live Chess"]
[Site "Chess.com"]
[Date "2020.06.15"]
[White "Pitz, Luc"]
[Black "Sauvage, Eric"]
[Result "0-1"]
[WhiteElo "1183"]
[BlackElo "1572"]
[Round "10"]
[WhiteCountry "bel"]
[BlackCountry "bel"]

{ Cadence : 600+5 } 1. e4 c6 2. d4 d5 3. Nc3 e6 4. Bd3 b6 5. Nf3 Ba6 6. Bxa6 
Nxa6 7. e5 Ne7 8. Bg5 Qc7 9. O-O Ng6 10. Qd3 h6 11. Bh4 Nb8 12. Bg3 Be7 13. 
Nd2 O-O 14. f4 b5 15. f5 exf5 16. Rxf5 b4 17. Ne2 c5 18. Kh1 Qd7 19. Raf1 Nc6 
20. dxc5 Bxc5 21. Nc4 Rad8 22. Ne3 Bxe3 23. Qxe3 Rde8 24. h4 f6 25. h5 Ngxe5 
26. Bxe5 Rxe5 27. Qf3 Rxf5 28. Qxf5 Qxf5 29. Rxf5 Ne5 30. Nd4 Re8 31. Kg1 a5 
32. Kf2 a4 33. Ke3 Nc4+ 34. Kd3 Nxb2+ 35. Kd2 Nc4+ 36. Kc1 Re1# 0-1

[Event "Live Chess"]
[Site "Chess.com"]
[Date "2020.06.16"]
[White "Marchal, Georges"]
[Black "Dans, Guy"]
[Result "1-0"]
[WhiteElo "1223"]
[BlackElo "898"]
[Round "9"]
[WhiteCountry "bel"]
[BlackCountry "bel"]

{ Cadence : 600+5 }
1. e4 c6 2. d4 d5 3. Nc3 e6 4. Nf3 Bb4 5. exd5 cxd5 6. Bd3 Nf6 7. O-O Bxc3 
8. bxc3 O-O 9. Ne5 Nbd7 10. f4 Qc7 11. c4 dxc4 12. Nxc4 Nd5 13. Bd2 a6 14. 
a4 N7f6 15. Ne5 Bd7 16. c4 Nb6 17. Ba5 Rac8 18. Qb3 Qd6 19. Bxb6 Bc6 20. Bc5 
Qd8 21. Bxf8 Kxf8 22. Qb2 Be4 23. Bxe4 Nxe4 24. Rae1 Nd6 25. c5 Nf5 26. Qxb7 
Qxd4+ 27. Rf2 Qxc5 28. Qxf7# 1-0

[Event "Live Chess"]
[Site "Chess.com"]
[Date "2020.06.16"]
[White "Dans, Guy"]
[Black "Marchal, Georges"]
[Result "1-0"]
[WhiteElo "930"]
[BlackElo "1200"]
[Round "10"]
[WhiteCountry "bel"]
[BlackCountry "bel"]

{ Cadence : 600+5 }
1. e4 c6 2. d4 d5 3. e5 e6 4. c4 Bb4+ 5. Bd2 a5 6. Bxb4 axb4 7. cxd5 cxd5 8. 
Bb5+ Bd7 9. Qd3 Qa5 10. Bxd7+ Nxd7 11. b3 Qa6 12. Qxa6 bxa6 13. Nf3 f6 14. 
a3 a5 15. axb4 fxe5 16. Nxe5 Nxe5 17. dxe5 Ne7 18. bxa5 O-O 19. Nd2 Nc6 20. 
Ke2 Nxa5 21. Rhc1 Nb7 22. Rab1 Rfc8 23. Ke3 Nc5 24. b4 Nd7 25. Kd4 Rcb8 26. 
b5 Ra5 27. Rc7 Nf8 28. b6 Ra2 29. Nf3 Rxf2 30. b7 Rxg2 31. Rc8 Rg4+ 32. Ke3 
Re4+ 33. Kf2 d4 34. Rxb8 d3 35. Rd8 Re2+ 36. Kg3 Re3 37. Rxf8+ Kxf8 38. b8=Q+ 
Kf7 39. Rb7+ Kg6 40. Qe8+ Kf5 41. Qf7+ Ke4 42. Rb4+ Kd5 43. Qd7+ Kc5 44. Qb5# 
1-0